000 00783nam a2200265 a 4500
001 17985
003 BD-RjUL
005 20211209000224.0
008 140219s1965 enk b 000 0 eng
035 _a(BD-RjUL)18043
035 _a(OCoLC)40937683
040 _aDLC
_cWSU
_dSER
_dEQO
_dBD-RjUL
_beng
041 _aeng
082 0 0 _a820.91
_bCLG 1965
100 1 _aClayborough, Arthur.
_955441
245 1 4 _aThe grotesque in English literature /
_cArthur Clayborough.
260 _aOxford :
_bClarendon Press,
_c1965.
300 _ax, 266 p. ;
_c22 cm.
504 _aBibliography: p. [257]-262
650 0 _aEnglish literature
_xHistory and criticism
_952967
650 0 _aGrotesque in literature
_955443
942 _2ddc
_cBK
999 _c17985
_d17985